[Event "Romanian Open 2019"]
[Site "Alba Iulia"]
[Date "2019.11.01"]
[Round "7.5"]
[White "Gomes, Mary Ann"]
[Black "Shishkin, Vadim"]
[Result "1/2-1/2"]
[WhiteElo "2268"]
[BlackElo "2428"]
[Annotator "TA"]
[PlyCount "183"]
[EventDate "2019.10.28"]
[EventType "swiss"]
[EventCountry "ROU"]
[SourceTitle "playchess.com"]
[Source "ChessBase"]
[SourceQuality "1"]

{[%evp 23,183,-12,23,2,0,0,16,6,7,0,27,28,32,32,33,29,56,25,37,31,57,49,54,46,50,41,62,62,101,91,93,102,115,113,129,106,122,112,205,138,143,141,221,62,62,62,62,62,62,62,62,62,62,62,62,62,62,62,66,66,66,66,66,66,90,62,62,8,62,62,62,62,62,62,62,62,65,65,65,8,47,46,112,32,32,32,32,32,32,32,32,32,32,32,32,32,32,32,32,32,32,32,32,32,32,32,32,32,32,32,32,32,32,32,32,32,32,32,32,32,32,32,32,32,32,32,32,32,32,32,32,32,32,32,32,32,32,32,32,32,32,32,32,32,32,31,31,31,31,31,31,31,32,32,32,32,32,0,32,0,32,0]} 1. Nf3 d5 2. g3 g6 3. c4 Nf6 4. b3 Bg7 5. Bb2 c6 6. Bg2 O-O 7. O-O Bg4 8. d3 Nbd7 9. Nbd2 Re8 10. Ne5 Nxe5 11. Bxe5 Qd7 12. Nf3 Bh3 13. Rc1 $146 {A11: English Opening: 1...c6} ({Predecessor:} 13. Qd2 Bxg2 14. Kxg2 Ng4 15. Bxg7 Kxg7 16. cxd5 cxd5 17. Rac1 Rac8 18. Rc3 Rxc3 19. Qxc3+ e5 20. Rc1 f6 {½-½ (88) Korpa,B (2417)-Fogarasi,T (2382) Budapest 2014}) 13... Bxg2 14. Kxg2 Nh5 15. Bxg7 {The position is equal.} Nxg7 16. cxd5 Qxd5 17. e4 Qb5 18. d4 Rad8 19. Qd2 f6 20. Qe3 Qb6 21. Qc3 Rd7 22. Rfd1 Red8 23. b4 Kf8 24. Rd2 Ra8 25. a4 a5 {[#]} 26. Rb1 $1 axb4 27. Rxb4 Qa5 28. Qb3 Ra7 29. Rc2 Qd8 30. Rc3 {Ne5! is the strong threat.} Qe8 (30... Ne8 $16) 31. Ne5 Rd6 32. Nd3 Qf7 (32... Ne6 $16 {was worth a try.}) 33. Nc5 $2 ({Less strong is} 33. Rxb7 Qxb3 34. Rbxb3 (34. Rcxb3 Rxb7 35. Rxb7 Rxd4 $14) 34... Rxd4 $14) (33. d5 $1 $18) 33... Qxb3 $14 34. Rcxb3 Ne6 $1 35. Rxb7 Rxb7 36. Rxb7 {[#] aiming for e5.} Nxc5 37. dxc5 {[%mdl 4096] Endgame KR-KR} Rd4 38. a5 Ra4 39. Rb6 {Black must now prevent a6.} Rxa5 40. Rxc6 Ke8 41. Rc8+ $1 Kd7 42. Rh8 Rxc5 43. Rxh7 Ke8 44. Rg7 g5 45. Kh3 (45. Rh7 $14) 45... Kf8 ({Black should play} 45... Rc2 $11) 46. Rh7 Rc2 47. f3 Rc7 48. Kg4 Kg8 $1 {[%cal Rg8h7]} 49. Rh5 Kg7 50. h4 gxh4 51. gxh4 (51. Rxh4 $14 Ra7 52. Rh5) 51... e6 52. Ra5 Rc1 (52... Kg6 $14) 53. h5 ({Better is} 53. Ra7+ $16 Kf8 54. Rh7) 53... Rg1+ 54. Kf4 Rh1 55. Ra7+ Kf8 56. Rh7 Kg8 57. Re7 Rxh5 58. Rxe6 Kf7 59. Rd6 Kg6 60. Ke3 Ra5 61. f4 {Threatens to win with e5.} Kf7 62. Rd7+ Ke8 63. Rc7 Ra4 64. Kf3 Kf8 65. f5 Rb4 66. Ke3 Ra4 67. Kd3 Ke8 68. Rc4 Ra1 69. Kd4 Rd1+ 70. Kc5 Ke7 71. Ra4 Rc1+ 72. Kd4 Rd1+ 73. Ke3 Re1+ 74. Kf2 Rb1 75. Ra7+ Kf8 76. Kf3 Ke8 77. Kf4 Rf1+ 78. Ke3 Rd1 79. Rb7 Kf8 80. Rh7 Ke8 81. Ra7 Kf8 82. Ra3 (82. Kf4 {keeps more tension.} Rf1+ 83. Kg4 Rg1+ 84. Kf3 Re1 85. Rc7) 82... Ke7 83. Rd3 Ra1 84. Kd4 Ra4+ 85. Kd5 Ra5+ 86. Kc6 Ra4 87. Re3 Rd4 88. Kc5 Ra4 89. Kb5 Rd4 90. Kc5 Ra4 91. Kb5 Rd4 92. Kc5 {Accuracy: White = 66%, Black = 56%.} 1/2-1/2

[Event "Romanian Open 2019"]
[Site "Alba Iulia"]
[Date "2019.11.01"]
[Round "7.6"]
[White "Istratescu, Andrei"]
[Black "Nastore, Pavel-Alexandru"]
[Result "1-0"]
[WhiteElo "2564"]
[BlackElo "2030"]
[Annotator "ChessBase"]
[PlyCount "75"]
[EventDate "2019.10.28"]
[EventType "swiss"]
[EventCountry "ROU"]
[SourceTitle "playchess.com"]
[Source "ChessBase"]
[SourceQuality "1"]
[TimeControl "5400+30"]

1. d4 {[%emt 0:00:09]} Nf6 {[%emt 0:00:00]} 2. c4 {[%emt 0:01:12]} c5 {[%emt 0:00:00]} 3. d5 {[%emt 0:00:03]} e6 {[%emt 0:00:00]} 4. Nc3 {[%emt 0:00:06]} exd5 {[%emt 0:00:00]} 5. cxd5 {[%emt 0:00:04]} d6 {[%emt 0:00:00]} 6. e4 {[%emt 0:00:10]} g6 {[%emt 0:00:00]} 7. f4 {[%emt 0:01:03]} Bg7 {[%emt 0:00:45]} 8. Bb5+ {[%emt 0:02:51]} Nfd7 {[%emt 0:00:05]} 9. a4 {[%emt 0:00:20]} O-O {[%emt 0:00:06]} 10. Nf3 {[%emt 0:00:05]} Na6 {[%emt 0:00:08]} 11. O-O {[%emt 0:00:16]} Nb4 {[%emt 0:00:10]} 12. Kh1 {[%emt 0:04:05]} a6 {[%emt 0:08:40]} 13. Bxd7 {[%emt 0:00:32]} Bxd7 {[%emt 0:00:10]} 14. f5 {[%emt 0:00:03]} Qe7 {[%emt 0:03:28]} 15. Bg5 {[%emt 0:03:56]} f6 {[%emt 0:02:55]} 16. Bf4 {[%emt 0:02:46]} g5 {[%emt 0:00:29]} 17. Bg3 {[%emt 0:01:34]} b5 {[%emt 0:13:26]} 18. b3 {[%emt 0:05:45]} Rfc8 {[%emt 0:05:38]} 19. Qd2 {[%emt 0:10:01]} h6 {[%emt 0:23:29]} 20. h4 {[%emt 0:12:02]} Be8 {[%emt 0:15:47]} 21. hxg5 {[%emt 0:04:09]} hxg5 {[%emt 0:00:54]} 22. Rfd1 {[%emt 0:08:46]} Bd7 {[%emt 0:02:22]} 23. Rdc1 {[%emt 0:04:19]} Bh6 {[%emt 0:01:40]} 24. Nh2 {[%emt 0:00:24]} Bg7 {[%emt 0:03:07]} 25. Ng4 {[%emt 0:00:35]} c4 {[%emt 0:01:41]} 26. bxc4 {[%emt 0:00:46]} bxc4 {[%emt 0:01:08]} 27. Nf2 {[%emt 0:00:25]} Rab8 {[%emt 0:01:35]} 28. Ncd1 {[%emt 0:06:15]} Nd3 {[%emt 0:11:18]} 29. Nxd3 {[%emt 0:00:21]} cxd3 {[%emt 0:00:23]} 30. Rxc8+ {[%emt 0:00:06]} Rxc8 {[%emt 0:00:06]} 31. Qxd3 {[%emt 0:00:04]} Bf8 {[%emt 0:01:07]} 32. Nf2 {[%emt 0:00:49]} Qh7+ {[%emt 0:00:40]} 33. Kg1 {[%emt 0:00:34]} Bxa4 {[%emt 0:00:30]} 34. Qxa6 {[%emt 0:00:23]} Rc3 {[%emt 0:00:30]} 35. Bxd6 {[%emt 0:02:21]} Bb5 {[%emt 0:02:07]} 36. Qxb5 {[%emt 0:03:45]} Bxd6 {[%emt 0:00:05]} 37. Ra8+ {[%emt 0:00:12]} Bf8 {[%emt 0:00:17]} 38. Rxf8+ {[%emt 0:00:06]} 1-0

[Event "Romanian Open 2019"]
[Site "Alba Iulia"]
[Date "2019.11.01"]
[Round "7.7"]
[White "Ashwath, R.."]
[Black "Akash G"]
[Result "0-1"]
[WhiteElo "2340"]
[BlackElo "2449"]
[Annotator "TA"]
[PlyCount "70"]
[EventDate "2019.10.28"]
[EventType "swiss"]
[EventCountry "ROU"]
[SourceTitle "playchess.com"]
[Source "ChessBase"]
[SourceQuality "1"]

{[%evp 11,72,0,3,0,5,6,8,0,0,-13,3,0,7,0,0,-10,0,0,0,0,0,0,0,0,4,-12,-5,-79,-83,-83,-82,-89,-84,-80,-52,-52,-18,-110,-110,-85,-80,-113,-123,-108,-45,-145,-133,-177,-168,-179,-171,-656,-391,-2169,-843,-1496,-1254,-29994,-1450,-29997,-29998,-29998,-29999]} 1. d4 Nf6 2. c4 c5 3. Nf3 cxd4 4. Nxd4 Nc6 5. Nc3 e6 6. a3 Be7 7. e3 {A33: Symmetrical English: 2 Nf3 Nf6 3 d4 cxd4 4 Nxd4 e6 5 Nc3 Nc6} (7. e4 O-O 8. Nf3 Qa5 9. Bd2 Qh5 10. Be2 d5 11. exd5 exd5 12. cxd5 Nxd5 13. Nd4 Qe5 14. Nxc6 bxc6 15. O-O {½-½ (47) So,W (2780)-Vachier Lagrave,M (2779) Saint Louis 2018}) 7... Qc7 8. Be2 b6 $146 ({Predecessor:} 8... O-O 9. O-O b6 10. b3 Bb7 11. Bb2 Rad8 12. Rc1 Qb8 13. Bf3 Nxd4 14. Qxd4 Bxf3 15. gxf3 {0-1 (24) Nogueiras Santiago,J (2574)-Moiseenko,A (2678) Merida 2008}) 9. Nxc6 {The position is equal.} dxc6 10. O-O e5 (10... Bb7 {is interesting.} 11. b3 Bd6 12. h3 O-O 13. Qc2 Rad8) 11. Qc2 Be6 12. b3 Nd7 13. f4 {Hoping for f5.} g6 14. Bd3 Nc5 15. f5 Bd7 16. f6 $1 {[%cal Rf6e7]} Nxd3 17. Qxd3 Bf8 18. Ne4 O-O-O 19. Qc3 (19. Rd1 $11) 19... Bf5 $17 20. Nf2 e4 $1 {aiming for ...Bd6.} 21. Bb2 Bd6 22. h3 Bh2+ 23. Kh1 Bg3 24. c5 {[#]} (24. a4 $11) 24... Rd5 $1 25. cxb6 axb6 26. Qc2 Rhd8 $36 {[%mdl 2048] ...Rd2 is the strong threat. Black has strong initiative.} 27. Bc3 h5 ({Black should play} 27... Qa7 $17 28. Kg1 Bb8) 28. Rad1 (28. a4 $1 $15) 28... Kb7 {And now ...Bxf2 would win.} 29. Rxd5 Rxd5 ({Don't take} 29... cxd5 30. Qd2 $17) 30. b4 Qd7 31. Nd1 $2 (31. Rc1) 31... Bxh3 32. Bd4 $2 (32. Nf2 Qf5 33. b5 Rxb5 34. Qxe4 Bxf2 35. Qxf5 Bxf5 36. Rxf2) 32... Bc7 (32... Qg4 $142 33. b5 c5) 33. Nc3 Rg5 {( -> ...Qg4)} 34. Rf2 {[#]} Qd6 (34... Bxg2+ $142 $1 {[%mdl 512]} 35. Rxg2 Qh3+ 36. Kg1 Qh2+ 37. Kf1 Qh1+ 38. Rg1 Rxg1+ 39. Kf2 Qh2#) 35. gxh3 Qg3 0-1

[Event "Romanian Open 2019"]
[Site "Alba Iulia"]
[Date "2019.11.01"]
[Round "7.8"]
[White "Moksh Amit Doshi"]
[Black "Filip, Lucian-Ioan"]
[Result "1/2-1/2"]
[WhiteElo "2328"]
[BlackElo "2418"]
[Annotator "NA"]
[PlyCount "134"]
[EventDate "2019.10.28"]
[EventType "swiss"]
[EventCountry "ROU"]
[SourceTitle "playchess.com"]
[Source "ChessBase"]
[SourceQuality "1"]
[TimeControl "5400+30"]

1. d4 {[%emt 0:01:53]} e6 {[%emt 0:00:00]} 2. c4 {[%emt 0:00:07]} Bb4+ {[%emt 0:00:00]} 3. Nc3 {[%emt 0:00:12]} c5 {[%emt 0:00:00]} 4. Nf3 {[%emt 0:02:07]} cxd4 {[%emt 0:06:01]} 5. Qxd4 {[%emt 0:04:06]} Nf6 {[%emt 0:00:56]} 6. Bg5 {[%emt 0:00:40]} Nc6 {[%emt 0:00:13]} 7. Qd3 {[%emt 0:00:42]} h6 {[%emt 0:08:57]} 8. Bh4 {[%emt 0:00:08]} Qa5 {[%emt 0:04:37]} 9. Bxf6 {[%emt 0:04:14]} gxf6 {[%emt 0:00:04]} 10. g3 {[%emt 0:01:20]} Bxc3+ {[%emt 0:22:40]} 11. bxc3 {[%emt 0:00:12]} Ne5 {[%emt 0:00:05]} 12. Nxe5 {[%emt 0:00:47]} Qxe5 {[%emt 0:00:02]} 13. Bg2 {[%emt 0:00:13]} Rb8 {[%emt 0:00:06]} 14. O-O {[%emt 0:06:29]} b6 {[%emt 0:00:08]} 15. Rab1 {[%emt 0:08:56]} Ba6 {[%emt 0:08:04]} 16. Rfd1 {[%emt 0:06:26]} O-O {[%emt 0:20:04]} 17. Qxd7 {[%emt 0:02:14]} Bxc4 {[%emt 0:06:07]} 18. Qxa7 {[%emt 0:01:12]} Qxe2 {[%emt 0:08:54]} 19. a4 {[%emt 0:05:06]} Rfd8 {[%emt 0:01:15]} 20. Re1 {[%emt 0:01:30]} Qd2 {[%emt 0:00:53]} 21. h4 {[%emt 0:02:04]} Qd6 {[%emt 0:06:31]} 22. a5 {[%emt 0:01:33]} bxa5 {[%emt 0:01:07]} 23. Qxa5 {[%emt 0:00:20]} Qd2 {[%emt 0:01:19]} 24. Qh5 {[%emt 0:03:03]} Be2 {[%emt 0:02:52]} 25. Qc5 {[%emt 0:00:07]} Rdc8 {[%emt 0:00:53]} 26. Qe7 {[%emt 0:01:13]} Rxb1 {[%emt 0:00:29]} 27. Rxb1 {[%emt 0:00:08]} Qxc3 {[%emt 0:00:02]} 28. Rb7 {[%emt 0:01:08]} Rf8 {[%emt 0:00:14]} 29. Kh2 {[%emt 0:00:31]} Bf3 {[%emt 0:00:39]} 30. Rc7 {[%emt 0:00:44]} Qd3 {[%emt 0:00:12]} 31. Qxf6 {[%emt 0:00:55]} Bxg2 {[%emt 0:00:08]} 32. Kxg2 {[%emt 0:00:06]} Qe4+ {[%emt 0:00:34]} 33. Kh2 {[%emt 0:00:08]} Qf5 {[%emt 0:01:23]} 34. Qd4 {[%emt 0:01:06]} e5 {[%emt 0:00:51]} 35. Qe3 {[%emt 0:00:13]} Rd8 {[%emt 0:00:30]} 36. Re7 {[%emt 0:03:15]} Rd3 {[%emt 0:00:13]} 37. Rxe5 {[%emt 0:01:10]} Rxe3 {[%emt 0:00:06]} 38. Rxf5 {[%emt 0:00:04]} Ra3 {[%emt 0:00:10]} 39. Rf6 {[%emt 0:01:35]} Kg7 {[%emt 0:00:05]} 40. Rb6 {[%emt 0:00:03]} Ra5 {[%emt 0:01:12]} 41. Kh3 {[%emt 0:01:46]} h5 {[%emt 0:00:10]} 42. Kg2 {[%emt 0:00:49]} f6 {[%emt 0:00:11]} 43. Re6 {[%emt 0:00:30]} Kf7 {[%emt 0:00:13]} 44. Re4 {[%emt 0:00:06]} Kg6 {[%emt 0:00:17]} 45. Kf3 {[%emt 0:00:14]} Kf5 {[%emt 0:01:02]} 46. Rf4+ {[%emt 0:00:07]} Kg6 {[%emt 0:00:04]} 47. Rb4 {[%emt 0:00:08]} Kf5 {[%emt 0:00:11]} 48. Rb3 {[%emt 0:00:07]} Rc5 {[%emt 0:00:05]} 49. Ke3 {[%emt 0:00:05]} Re5+ {[%emt 0:00:12]} 50. Kd3 {[%emt 0:00:22]} Rd5+ {[%emt 0:02:06]} 51. Kc4 {[%emt 0:00:07]} Rd2 {[%emt 0:00:34]} 52. Rf3+ {[%emt 0:00:17]} Kg6 {[%emt 0:00:17]} 53. Rf4 {[%emt 0:00:10]} Ra2 {[%emt 0:00:58]} 54. Kd4 {[%emt 0:00:06]} Ra4+ {[%emt 0:00:10]} 55. Ke3 {[%emt 0:00:01]} Ra3+ {[%emt 0:00:03]} 56. Ke4 {[%emt 0:00:10]} Ra4+ {[%emt 0:00:25]} 57. Kf3 {[%emt 0:00:02]} Ra3+ {[%emt 0:00:08]} 58. Kg2 {[%emt 0:00:04]} Rb3 {[%emt 0:00:20]} 59. f3 {[%emt 0:00:03]} Rb2+ {[%emt 0:00:08]} 60. Kh3 {[%emt 0:00:02]} f5 {[%emt 0:02:23]} 61. Ra4 {[%emt 0:00:52]} Rf2 {[%emt 0:00:21]} 62. Ra3 {[%emt 0:00:13]} Kf6 {[%emt 0:00:09]} 63. Rb3 {[%emt 0:00:16]} Kg6 {[%emt 0:00:10]} 64. Rb6+ {[%emt 0:00:06]} Kg7 {[%emt 0:00:04]} 65. Rb7+ {[%emt 0:00:05]} Kg6 {[%emt 0:00:04]} 66. Rb6+ {[%emt 0:00:04]} Kg7 {[%emt 0:00:03]} 67. Rb5 {[%emt 0:00:19]} Kg6 {[%emt 0:02:26]} 1/2-1/2

[Event "Romanian Open 2019"]
[Site "Alba Iulia"]
[Date "2019.11.01"]
[Round "7.9"]
[White "Vedmediuc, Serghei"]
[Black "Ciorgovean, Iustin"]
[Result "1/2-1/2"]
[WhiteElo "2457"]
[BlackElo "2331"]
[Annotator "TA"]
[PlyCount "45"]
[EventDate "2019.10.28"]
[EventType "swiss"]
[EventCountry "ROU"]
[SourceTitle "playchess.com"]
[Source "ChessBase"]
[SourceQuality "1"]

{[%evp 14,45,17,16,17,17,27,24,25,13,14,8,6,7,0,0,0,0,0,-37,-25,-29,-24,-31,-12,-12,-12,-14,-12,-12,-12,-12,-12,-15]} 1. d4 Nf6 2. c4 e6 3. g3 d5 4. Nf3 dxc4 5. Bg2 Bd7 6. Ne5 Bc6 7. Nxc6 Nxc6 8. O-O Qd7 {E04: Open Catalan: 5 Nf3} 9. e3 Rd8 10. Qe2 e5 {White has an edge.} 11. Qxc4 (11. Nc3 Be7 12. d5 Nb4 13. e4 Nd3 14. Be3 b5 15. a4 a6 16. axb5 axb5 {1-0 (47) Firouzja,A (2607)-Grachev,B (2626) St Petersburg 2018}) 11... exd4 12. exd4 Nxd4 13. Nc3 Be7 14. Rd1 c5 15. Be3 O-O 16. a4 $146 ({Predecessor:} 16. Bxd4 cxd4 {½-½ (47) Krause,J (2314)-Colpe,M (2374) Germany 2018}) 16... Qe6 17. Qxe6 fxe6 18. Bxb7 Rb8 19. Ba6 {The position is equal.} Rxb2 20. Rab1 Rfb8 21. Rxb2 Rxb2 22. Bxd4 cxd4 23. Rxd4 {Accuracy: White = 86%, Black = 97%.} 1/2-1/2

[Event "Romanian Open 2019"]
[Site "Alba Iulia"]
[Date "2019.11.01"]
[Round "7.10"]
[White "Secheres, Adrian-Simion"]
[Black "Talu, Mircea"]
[Result "1/2-1/2"]
[WhiteElo "2397"]
[BlackElo "2288"]
[Annotator "NA RC"]
[PlyCount "95"]
[EventDate "2019.10.28"]
[EventType "swiss"]
[EventCountry "ROU"]
[SourceTitle "playchess.com"]
[Source "ChessBase"]
[SourceQuality "1"]
[TimeControl "5400+30"]

1. d4 {[%emt 0:00:00]} Nf6 {[%emt 0:01:09]} 2. c4 {[%emt 0:00:00]} e6 {[%emt 0:00:11]} 3. Nc3 {[%emt 0:00:34]} Bb4 {[%emt 0:00:09]} 4. Qc2 {[%emt 0:00:21]} d6 {[%emt 0:00:46]} 5. Bg5 {[%emt 0:00:40]} Nbd7 {[%emt 0:00:50]} 6. e3 {[%emt 0:00:46]} b6 {[%emt 0:01:39]} 7. Bd3 {[%emt 0:01:55]} h6 {[%emt 0:00:20]} 8. Bh4 {[%emt 0:00:25]} Bb7 {[%emt 0:00:17]} 9. f3 {[%emt 0:03:01]} c5 {[%emt 0:01:12]} 10. a3 {[%emt 0:07:40]} Bxc3+ {[%emt 0:00:24]} 11. bxc3 {[%emt 0:00:29]} O-O {[%emt 0:07:35]} 12. Ne2 {[%emt 0:03:57]} Re8 {[%emt 0:00:18]} 13. O-O {[%emt 0:04:50]} e5 {[%emt 0:00:21]} 14. Bf5 {[%emt 0:08:57]} g5 {[%emt 0:03:10]} 15. Bf2 {[%emt 0:02:23]} Qe7 {[%emt 0:10:40]} 16. d5 {[%emt 0:08:49]} Nh5 {[%emt 0:08:43]} 17. g4 {[%emt 0:04:53]} Ng7 {[%emt 0:01:08]} 18. Ng3 {[%emt 0:02:02]} Nf8 {[%emt 0:00:17]} 19. a4 {[%emt 0:07:48]} Bc8 {[%emt 0:12:15]} 20. Bd3 {[%emt 0:03:39]} Qf6 {[%emt 0:01:34]} 21. Kg2 {[%emt 0:05:26]} Ng6 {[%emt 0:06:16]} 22. Bxg6 {[%emt 0:00:06]} Qxg6 {[%emt 0:11:58]} 23. Qxg6 {[%emt 0:00:49]} fxg6 {[%emt 0:00:02]} 24. Ne4 {[%emt 0:00:42]} Rd8 {[%emt 0:00:06]} 25. a5 {[%emt 0:07:45]} Ba6 {[%emt 0:01:03]} 26. axb6 {[%emt 0:05:42]} Bxc4 {[%emt 0:00:13]} 27. Rfd1 {[%emt 0:00:54]} Ne8 {[%emt 0:04:40]} 28. bxa7 {[%emt 0:07:10]} Rd7 {[%emt 0:01:13]} 29. h4 {[%emt 0:04:17]} gxh4 {[%emt 0:03:15]} 30. Bxh4 {[%emt 0:00:02]} Rdxa7 {[%emt 0:02:18]} 31. Rxa7 {[%emt 0:00:30]} Rxa7 {[%emt 0:00:05]} 32. Rb1 {[%emt 0:01:27]} Bxd5 {[%emt 0:05:56]} 33. Rb8 {[%emt 0:00:11]} Bxe4 {[%emt 0:00:07]} 34. Rxe8+ {[%emt 0:00:08]} Kf7 {[%emt 0:00:03]} 35. Rd8 {[%emt 0:00:39]} Ra2+ {[%emt 0:00:05]} 36. Bf2 {[%emt 0:01:06]} Ke7 {[%emt 0:00:46]} 37. Rh8 {[%emt 0:00:36]} Bb1 {[%emt 0:14:13]} 38. Rxh6 {[%emt 0:01:54]} Rc2 {[%emt 0:00:02]} 39. e4 {[%emt 0:00:32]} Rxc3 {[%emt 0:00:30]} 40. Bh4+ {[%emt 0:00:56]} Ke8 {[%emt 0:02:49]} 41. Rxg6 {[%emt 0:00:21]} Rd3 {[%emt 0:00:01]} 42. Rg8+ {[%emt 0:00:42]} Kf7 {[%emt 0:00:56]} 43. Rc8 {[%emt 0:00:26]} Bc2 {[%emt 0:00:16]} 44. Rc7+ {[%emt 0:01:41]} Kg6 {[%emt 0:00:05]} 45. Be7 {[%emt 0:01:00]} Bd1 {[%emt 0:00:16]} 46. Rc6 {[%emt 0:00:28]} Bxf3+ {[%emt 0:00:48]} 47. Kf2 {[%emt 0:00:12]} Bxe4 {[%emt 0:00:27]} 48. Rxd6+ 1/2-1/2

[Event "Romanian Open 2019"]
[Site "Alba Iulia"]
[Date "2019.11.01"]
[Round "7.11"]
[White "Mehmed, Elif"]
[Black "Banzea, Alexandru-Bogdan"]
[Result "0-1"]
[WhiteElo "2122"]
[BlackElo "2389"]
[Annotator "TA"]
[PlyCount "98"]
[EventDate "2019.10.28"]
[EventType "swiss"]
[EventCountry "ROU"]
[SourceTitle "playchess.com"]
[Source "ChessBase"]
[SourceQuality "1"]

{[%evp 23,98,0,0,-18,0,0,31,27,27,18,22,0,41,16,45,43,46,29,31,33,39,24,20,24,32,24,22,0,0,0,0,0,0,-47,-39,-54,-46,-49,-46,-28,-44,-81,-72,-84,-73,-53,-62,-51,-19,-135,-114,-436,-178,-173,-177,-173,-157,-243,-232,-410,-385,-433,-425,-516,-526,-674,-597,-733,-726,-697,-437,-798,-712,-685,-603,-485,-471]} 1. e4 c5 2. Nf3 d6 3. d4 cxd4 4. Nxd4 Nf6 5. Nc3 a6 6. Be3 e5 7. Nf3 Be7 8. Be2 O-O 9. O-O h6 10. a4 {[%cal Ba2a4,Ba4a5][%mdl 32]} Be6 11. Nd2 Qc7 12. a5 Nbd7 13. Re1 {B90: Sicilian Najdorf: Unusual White 6th moves, 6 Be3 Ng4 and 6 Be3 e5} Rfd8 $146 ({Predecessor:} 13... Rfc8 14. Nf1 Bf8 15. Qd2 Ng4 16. Rec1 Nxe3 17. Nxe3 g6 18. Ncd5 Qd8 19. Nc4 Bxd5 20. Qxd5 Rc5 {1-0 (34) Melkumyan,H (2660)-Barski,R (2458) Caleta 2019}) 14. Bf3 b6 15. Nd5 {White is slightly better.} Bxd5 16. exd5 bxa5 17. Nb3 Rdb8 18. Bd2 Nb6 19. Nxa5 Nc4 20. Nxc4 Qxc4 21. b3 Qc8 22. c4 Bd8 23. Qc2 Bb6 24. Ra2 a5 25. Rea1 {[%cal Rd2a5]} Bd4 26. Bc3 Bxc3 27. Qxc3 Qc7 28. Rxa5 Rxa5 29. Qxa5 Qxa5 30. Rxa5 Rxb3 $11 {[%mdl 4096] Endgame KRB-KRN} 31. Ra8+ Kh7 {[#] ( -> ...Rb1+)} 32. h3 Rb1+ 33. Kh2 e4 34. Bg4 h5 35. Bc8 Rb4 36. Ba6 (36. Ra6 $11 {remains equal.}) 36... Ra4 $17 37. f3 $2 {[%mdl 8192]} (37. Kg1 $17 {is a better chance.}) 37... h4 (37... e3 $142 {Threatens to win with ...e2.} 38. Ra7 e2) 38. c5 $19 dxc5 {Hoping for ...c4.} 39. d6 {[#]} Rd4 $1 40. fxe4 (40. Bb7 $17 {is a better defense.}) 40... Nxe4 41. d7 $2 (41. Rc8) 41... Rxd7 42. Bc8 Rd4 {Black is clearly winning.} 43. Bf5+ g6 44. Bxe4 Rxe4 {KR-KR} 45. Rc8 c4 46. Rc7 Kg7 47. Kg1 (47. Rc6 $142) 47... Rf4 48. Rc6 Kf8 49. Rc7 Ke8 {Accuracy: White = 33%, Black = 58%.} 0-1

[Event "Romanian Open 2019"]
[Site "Alba Iulia"]
[Date "2019.11.01"]
[Round "7.12"]
[White "Nester, Ihor"]
[Black "Stoleriu, George"]
[Result "0-1"]
[WhiteElo "2381"]
[BlackElo "2351"]
[Annotator "TA"]
[PlyCount "82"]
[EventDate "2019.10.28"]
[EventType "swiss"]
[EventCountry "ROU"]
[SourceTitle "playchess.com"]
[Source "ChessBase"]
[SourceQuality "1"]

{[%evp 10,88,13,16,35,41,27,8,20,14,58,39,59,63,52,-8,0,-3,-9,-14,-23,-16,-10,-18,-10,-46,-37,-43,-37,-108,-119,-120,-104,-104,-104,-106,-109,-104,-93,-106,-89,-200,-184,-252,-244,-246,-256,-249,-79,-79,0,0,0,0,0,-718,-697,-700,-672,-711,-695,-29950,-29947,-29944,-29946,-11644,-6817,-29957,-12820,-29972,-29973,-29967,-29974,-29979,-29980,-29981,-29981,-29979,-29980,-29979,-29980]} 1. Nf3 Nf6 2. c4 e6 3. d4 Bb4+ 4. Nbd2 O-O 5. a3 Be7 6. e4 d6 {E11: Bogo-Indian} 7. Be2 Nfd7 (7... Nbd7 8. Qc2 c5 9. d5 e5 10. Nf1 a6 11. Ng3 g6 12. O-O Ne8 13. b4 Ng7 14. Bh6 {1-0 (53) Karjakin,S (2750)-Carlsen,M (2882) Saint Louis 2019}) 8. O-O e5 {The position is equal.} 9. Nb1 a5 10. Nc3 exd4 11. Nxd4 Nc5 12. Bg4 $146 ({White should try} 12. Qc2 $14) ({Predecessor:} 12. b3 Bf6 13. Be3 Re8 14. Qc2 {0-1 (71) Klaasen,C (2285)-El Gindy,E (2423) Hammamet 2019}) 12... Nc6 {Threatens to win with ...Bxg4.} 13. Nxc6 bxc6 14. Bxc8 Qxc8 15. Be3 Qe6 16. Bxc5 dxc5 17. b3 Bf6 $36 {[%mdl 2048] Black is pushing.} 18. Qc2 {[#]} a4 $1 {[%mdl 512]} 19. Rab1 (19. bxa4 $15 Qxc4 20. Rac1) 19... axb3 $17 20. Qxb3 h6 21. Rfe1 {[#]} Rfb8 $1 {[%mdl 512]} 22. Qxb8+ Rxb8 23. Rxb8+ Kh7 24. e5 Bxe5 25. g3 (25. Rbb1 $17 {is the only way for White.}) 25... f6 $1 $19 (25... Qxc4 26. Rxe5 Qxc3 27. Re7 $15) 26. Rbb1 (26. Rb2 {was necessary.}) 26... Qxc4 27. Rbc1 Bd4 ({Weaker is} 27... Bxc3 28. Re3 $14) 28. Ne2 Qd5 $2 (28... Qa4 $19 29. Rcd1 Be5) 29. Red1 $17 {[#]} h5 (29... Qe5 $1 $17 {[%cal Re5e2]} 30. Nxd4 cxd4 31. Rxc6 h5) 30. a4 $11 g5 {Strongly threatening ...h4.} 31. Nxd4 cxd4 {[%mdl 4096] Endgame KQ-KRR} 32. a5 $2 {[%mdl 8192] [#]} (32. Ra1 $11) 32... h4 $1 $19 33. gxh4 gxh4 34. h3 Qxa5 35. Rxc6 Qg5+ 36. Kh2 Qe5+ 37. Kg1 {[#]} d3 $1 {[%mdl 512]} 38. Rc4 {[#]} (38. Rxd3 Qe1+) 38... d2 $1 {[%mdl 512]} 39. Rxh4+ (39. Rxd2 Qg5+) 39... Kg6 {Black mates.} 40. Rg4+ Kf5 41. Kh1 {[#]} c5 {Played: Qe5-e2} 0-1